| 000 | 00586nam a22002177a 4500 | ||
|---|---|---|---|
| 003 | OSt | ||
| 005 | 20160607173413.0 | ||
| 008 | 160607b xxu||||| |||| 00| 0 eng d | ||
| 020 | _a0340816228 | ||
| 040 | _cDNLM | ||
| 082 | _aWC750 E74e 2002 | ||
| 100 |
_aEdited by Warrell, David A.; Gilles, Herbert M. _99255 |
||
| 245 | _aEssential Malariology | ||
| 250 | _a4th ed. | ||
| 260 | _aLondon; Arnold, 2002 | ||
| 300 | _ax,348p; ill: 25cm | ||
| 504 | _aAppendice, references, & index included | ||
| 650 |
_aMalaria _92580 |
||
| 650 |
_aCommunity health _92112 |
||
| 942 |
_2z _cO_SHELF |
||
| 999 |
_c4287 _d4287 |
||